Essential biology / (Record no. 259044)
[ view plain ]
| 000 -LEADER | |
|---|---|
| fixed length control field | 00625nam a22001937a 4500 |
| 003 - CONTROL NUMBER IDENTIFIER | |
| control field | OSt |
| 005 - DATE AND TIME OF LATEST TRANSACTION | |
| control field | 20221110122803.0 |
| 008 - FIXED-LENGTH DATA ELEMENTS--GENERAL INFORMATION | |
| fixed length control field | 221110b xxu||||| |||| 00| 0 eng d |
| 010 ## - LIBRARY OF CONGRESS CONTROL NUMBER | |
| LC control number | 2006023384 |
| 020 ## - INTERNATIONAL STANDARD BOOK NUMBER | |
| International Standard Book Number | 0805368426 |
| 040 ## - CATALOGING SOURCE | |
| Original cataloging agency | DLC |
| Language of cataloging | Eng |
| Transcribing agency | DLC |
| Description conventions | rda |
| 050 ## - LIBRARY OF CONGRESS CALL NUMBER | |
| Classification number | QH308.2 |
| Item number | C343 2007 |
| 100 ## - MAIN ENTRY--PERSONAL NAME | |
| Personal name | Campbell, Neil A., |
| Dates associated with a name | 1946-2004. |
| 245 ## - TITLE STATEMENT | |
| Title | Essential biology / |
| Statement of responsibility, etc | Neil A. Campbell, Jane B. Reece, Eric J. Simon. |
| 250 ## - EDITION STATEMENT | |
| Edition statement | 3rd ed |
| 260 ## - PUBLICATION, DISTRIBUTION, ETC. (IMPRINT) | |
| Place of publication, distribution, etc | San Francisco : |
| Name of publisher, distributor, etc | Pearson/Benjamin Cummings |
| Date of publication, distribution, etc | 2007 |
| 300 ## - PHYSICAL DESCRIPTION | |
| Extent | xxxii, 462, [42] p. : |
| Other physical details | col. ill., col. maps ; |
| Dimensions | 28 cm. |
| Accompanying material | + 1 CD-ROM (4 3/4 in.) |
| 942 ## - ADDED ENTRY ELEMENTS (KOHA) | |
| Koha item type | Long Loan Books |
| Source of classification or shelving scheme | Library of Congress Classification |
| Withdrawn status | Lost status | Damaged status | Not for loan | Collection code | Home library | Current library | Shelving location | Date acquired | Total Checkouts | Full call number | Barcode | Date last seen | Price effective from | Koha item type |
|---|---|---|---|---|---|---|---|---|---|---|---|---|---|---|
| Non-fiction | Rongo University Library | Rongo University Library | General Stacks | 13/08/2020 | QH308.2 .C343 2007 | 201616206 | 13/08/2020 | 13/08/2020 | Long Loan Books |
